Introductory problem courses in analysis and topology /

Guardado en:
Autor Principal: Moise, Edwin E.
Formato: Libro
Idioma:English
Publicado: New York : Springer-Verlag, c1982.
Series:Universitext
Materias:
Etiquetas: Agregar Etiqueta
Sin Etiquetas, Sea el primero en etiquetar este registro!
LEADER 00711pam a2200217 a 4500
001 MAT.inmabb003949
008 820216s1982####nyu###########000#0#eng##
005 20160322172428.0
245 1 0 |a Introductory problem courses in analysis and topology /  |c Edwin E. Moise. 
260 |a New York :  |b Springer-Verlag,  |c c1982. 
300 |a 94 p. ;  |c 24 cm. 
490 0 |a Universitext 
510 4 |a MR,  |c 83i:00008 
020 |a 0387907017 (pbk.) 
100 1 |a Moise, Edwin E. 
650 0 |a Mathematical analysis  |x Problems, exercises, etc. 
650 0 |a Topology  |x Problems, exercises, etc. 
084 |a 00A07 (26-01 54-01)  |2 msc2000 
010 |a  82000861  
040 |a DLC  |c DLC  |d DLC 
859 |h 00A07  |i M714  |p A-5930  |b BIB. MATEMATICA